[Event "DEM U12 2023"]
[Site "Willingen GER"]
[Date "2023.05.31"]
[Round "6"]
[White "Iachanou, Daniel"]
[Black "Aweh, Mads"]
[Result "1/2-1/2"]
[Termination "normal"]
[Board "22"]
[WhiteElo "1532"]
[BlackElo "1429"]
[WhiteClock "01:09:09"]
[BlackClock "00:04:17"]
[PlyCount "88"]
[WhiteFideId "34639403"]
[BlackFideId "34604278"]
[EventCountry "GER"]
[EventRounds "9"]
[EventType "swiss"]
[EventDate "2023.05.27"]

1. e4 {[%clk 01:30:55]} {[%emt 00:00:05]} e5 {[%clk 01:30:02]} {[%emt
00:00:59]} 2. Nf3 {[%clk 01:31:17]} {[%emt 00:00:07]} Nc6 {[%clk 01:29:44]}
{[%emt 00:00:48]} 3. d4 {[%clk 01:31:31]} {[%emt 00:00:16]} exd4 {[%clk
01:29:38]} {[%emt 00:00:36]} 4. Nxd4 {[%clk 01:31:56]} {[%emt 00:00:05]} Bb4+
{[%clk 01:29:34]} {[%emt 00:00:34]} 5. c3 {[%clk 01:32:19]} {[%emt 00:00:07]}
Bc5 {[%clk 01:29:36]} {[%emt 00:00:28]} 6. Be3 {[%clk 01:32:44]} {[%emt
00:00:05]} Bb6 {[%clk 01:29:31]} {[%emt 00:00:35]} 7. Bc4 {[%clk 01:32:43]}
{[%emt 00:00:31]} Nf6 {[%clk 01:28:48]} {[%emt 00:01:13]} 8. Nd2 {[%clk
01:32:41]} {[%emt 00:00:31]} O-O {[%clk 01:28:10]} {[%emt 00:01:09]} 9. O-O
{[%clk 01:33:03]} {[%emt 00:00:08]} d6 {[%clk 01:25:50]} {[%emt 00:02:50]} 10.
Nxc6 {[%clk 01:32:12]} {[%emt 00:01:21]} bxc6 {[%clk 01:26:09]} {[%emt
00:00:11]} 11. Bg5 {[%clk 01:30:57]} {[%emt 00:01:45]} Be6 {[%clk 01:21:59]}
{[%emt 00:04:39]} 12. Qe2 {[%clk 01:29:34]} {[%emt 00:01:53]} h6 {[%clk
01:18:29]} {[%emt 00:04:00]} 13. Bh4 {[%clk 01:29:53]} {[%emt 00:00:10]} Re8
{[%clk 01:17:40]} {[%emt 00:01:19]} 14. Rad1 {[%clk 01:28:40]} {[%emt
00:01:43]} g5 {[%clk 01:08:58]} {[%emt 00:09:13]} 15. Bg3 {[%clk 01:28:52]}
{[%emt 00:00:19]} Bg4 {[%clk 01:08:48]} {[%emt 00:00:40]} 16. Qd3 {[%clk
01:24:19]} {[%emt 00:05:03]} d5 {[%clk 01:05:54]} {[%emt 00:03:23]} 17. exd5
{[%clk 01:23:32]} {[%emt 00:01:17]} cxd5 {[%clk 01:05:38]} {[%emt 00:00:47]}
18. Bb3 {[%clk 01:22:48]} {[%emt 00:01:15]} Bxd1 {[%clk 01:05:42]} {[%emt
00:00:26]} 19. Rxd1 {[%clk 01:23:10]} {[%emt 00:00:08]} c5 {[%clk 01:04:31]}
{[%emt 00:01:41]} 20. Bc2 {[%clk 01:23:07]} {[%emt 00:00:33]} Qd7 {[%clk
00:57:29]} {[%emt 00:07:32]} 21. Nf3 {[%clk 01:22:38]} {[%emt 00:00:58]} Rad8
{[%clk 00:55:39]} {[%emt 00:02:20]} 22. Be5 {[%clk 01:22:15]} {[%emt 00:00:54]}
Ne4 {[%clk 00:55:54]} {[%emt 00:00:15]} 23. c4 {[%clk 01:21:04]} {[%emt
00:01:40]} f5 {[%clk 00:52:12]} {[%emt 00:04:12]} 24. Bc3 {[%clk 01:19:25]}
{[%emt 00:02:09]} d4 {[%clk 00:51:39]} {[%emt 00:01:04]} 25. Bd2 {[%clk
01:18:49]} {[%emt 00:01:06]} Re6 {[%clk 00:44:18]} {[%emt 00:07:51]} 26. a4
{[%clk 01:16:16]} {[%emt 00:03:04]} Qc7 {[%clk 00:37:05]} {[%emt 00:07:43]} 27.
b4 {[%clk 01:13:15]} {[%emt 00:03:31]} a5 {[%clk 00:31:13]} {[%emt 00:06:22]}
28. bxc5 {[%clk 01:12:42]} {[%emt 00:01:03]} Qxc5 {[%clk 00:30:05]} {[%emt
00:01:38]} 29. Rb1 {[%clk 01:12:32]} {[%emt 00:00:40]} Nd6 {[%clk 00:17:59]}
{[%emt 00:12:36]} 30. Bc1 {[%clk 01:10:48]} {[%emt 00:02:13]} Rb8 {[%clk
00:12:09]} {[%emt 00:06:20]} 31. Ba3 {[%clk 01:10:41]} {[%emt 00:00:38]} Qc7
{[%clk 00:10:26]} {[%emt 00:02:14]} 32. c5 {[%clk 01:10:39]} {[%emt 00:00:31]}
Ba7 {[%clk 00:05:58]} {[%emt 00:04:58]} 33. Rxb8+ {[%clk 01:10:49]} {[%emt
00:00:20]} Qxb8 {[%clk 00:05:26]} {[%emt 00:01:02]} 34. cxd6 {[%clk 01:11:07]}
{[%emt 00:00:12]} Rf6 {[%clk 00:05:04]} {[%emt 00:00:52]} 35. Qc4+ {[%clk
01:09:55]} {[%emt 00:01:42]} Kg7 {[%clk 00:04:53]} {[%emt 00:00:41]} 36. Qc7+
{[%clk 01:09:22]} {[%emt 00:01:03]} Qxc7 {[%clk 00:04:51]} {[%emt 00:00:33]}
37. dxc7 {[%clk 01:09:47]} {[%emt 00:00:05]} Rc6 {[%clk 00:05:14]} {[%emt
00:00:07]} 38. Bxf5 {[%clk 01:09:39]} {[%emt 00:00:38]} Rxc7 {[%clk 00:05:27]}
{[%emt 00:00:17]} 39. Kf1 {[%clk 01:09:04]} {[%emt 00:01:05]} Rc3 {[%clk
00:04:05]} {[%emt 00:01:53]} 40. Bb2 {[%clk 01:09:06]} {[%emt 00:00:28]} Rb3
{[%clk 00:04:19]} {[%emt 00:00:15]} 41. Bxd4+ {[%clk 01:09:16]} {[%emt
00:00:20]} Bxd4 {[%clk 00:04:42]} {[%emt 00:00:08]} 42. Nxd4 {[%clk 01:09:39]}
{[%emt 00:00:06]} Rb4 {[%clk 00:04:57]} {[%emt 00:00:15]} 43. Nc6 {[%clk
01:09:09]} {[%emt 00:00:58]} Rxa4 {[%clk 00:05:15]} {[%emt 00:00:14]} 44. Ke2
{[%emt 00:02:07]} Rc4 {[%clk 00:04:17]} 1/2-1/2

[Event "DEM U12 2023"]
[Site "Willingen GER"]
[Date "2023.05.31"]
[Round "6"]
[White "Geschke, David"]
[Black "Greive, Jakob"]
[Result "1/2-1/2"]
[Termination "normal"]
[Board "23"]
[WhiteElo "1458"]
[BlackElo "1551"]
[WhiteClock "00:15:42"]
[BlackClock "01:00:55"]
[PlyCount "58"]
[WhiteFideId "34619658"]
[BlackFideId "34603476"]
[EventCountry "GER"]
[EventRounds "9"]
[EventType "swiss"]
[EventDate "2023.05.27"]

1. d4 {[%clk 01:30:56]} {[%emt 00:00:03]} d5 {[%clk 01:30:53]} {[%emt
00:00:07]} 2. c4 {[%clk 01:31:21]} {[%emt 00:00:05]} e6 {[%clk 01:31:16]}
{[%emt 00:00:07]} 3. Nc3 {[%clk 01:31:19]} {[%emt 00:00:32]} Nf6 {[%clk
01:31:21]} {[%emt 00:00:25]} 4. Bg5 {[%clk 01:31:20]} {[%emt 00:00:28]} c5
{[%clk 01:31:38]} {[%emt 00:00:13]} 5. dxc5 {[%clk 01:25:31]} {[%emt 00:06:19]}
Bxc5 {[%clk 01:31:00]} {[%emt 00:01:08]} 6. e3 {[%clk 01:23:36]} {[%emt
00:02:26]} h6 {[%clk 01:27:52]} {[%emt 00:03:38]} 7. Bh4 {[%clk 01:21:12]}
{[%emt 00:02:52]} Be7 {[%clk 01:27:24]} {[%emt 00:01:00]} 8. Nf3 {[%clk
01:19:57]} {[%emt 00:01:46]} Nc6 {[%clk 01:26:43]} {[%emt 00:01:11]} 9. cxd5
{[%clk 01:16:20]} {[%emt 00:04:07]} Nxd5 {[%clk 01:24:17]} {[%emt 00:02:55]}
10. Bxe7 {[%clk 01:14:59]} {[%emt 00:01:50]} Ncxe7 {[%clk 01:23:59]} {[%emt
00:00:50]} 11. Qb3 {[%clk 00:52:49]} {[%emt 00:22:32]} O-O {[%clk 01:18:58]}
{[%emt 00:05:38]} 12. Be2 {[%clk 00:46:55]} {[%emt 00:06:23]} Qa5 {[%clk
01:17:12]} {[%emt 00:02:16]} 13. Qb5 {[%clk 00:40:16]} {[%emt 00:07:01]} Qxb5
{[%clk 01:16:23]} {[%emt 00:01:28]} 14. Nxb5 {[%clk 00:38:17]} {[%emt
00:02:29]} a6 {[%clk 01:14:48]} {[%emt 00:02:05]} 15. Nbd4 {[%clk 00:37:23]}
{[%emt 00:01:23]} b5 {[%clk 01:13:34]} {[%emt 00:01:43]} 16. O-O {[%clk
00:35:41]} {[%emt 00:02:13]} Bb7 {[%clk 01:12:56]} {[%emt 00:01:07]} 17. Rac1
{[%clk 00:34:09]} {[%emt 00:02:03]} Rac8 {[%clk 01:12:31]} {[%emt 00:00:54]}
18. Nb3 {[%clk 00:34:00]} {[%emt 00:00:39]} Nb4 {[%clk 01:08:47]} {[%emt
00:04:14]} 19. a3 {[%clk 00:32:05]} {[%emt 00:02:25]} Bxf3 {[%clk 01:06:23]}
{[%emt 00:02:53]} 20. gxf3 {[%clk 00:31:06]} {[%emt 00:01:29]} Nbd5 {[%clk
01:06:06]} {[%emt 00:00:47]} 21. Nc5 {[%clk 00:30:00]} {[%emt 00:01:37]} Rc6
{[%clk 01:03:44]} {[%emt 00:02:52]} 22. Nb3 {[%clk 00:23:55]} {[%emt 00:06:31]}
Rfc8 {[%clk 01:03:29]} {[%emt 00:00:48]} 23. Bd3 {[%clk 00:23:02]} {[%emt
00:01:23]} g6 {[%clk 01:02:58]} {[%emt 00:01:02]} 24. f4 {[%clk 00:20:48]}
{[%emt 00:02:44]} Nf5 {[%clk 01:00:41]} {[%emt 00:02:47]} 25. Be4 {[%clk
00:19:03]} {[%emt 00:02:16]} Rxc1 {[%clk 01:00:00]} {[%emt 00:01:11]} 26. Rxc1
{[%clk 00:19:08]} {[%emt 00:00:25]} Rxc1+ {[%clk 01:00:13]} {[%emt 00:00:17]}
27. Nxc1 {[%clk 00:19:31]} {[%emt 00:00:07]} Nd6 {[%clk 01:00:32]} {[%emt
00:00:11]} 28. Bxd5 {[%clk 00:15:40]} {[%emt 00:04:22]} exd5 {[%clk 01:00:54]}
{[%emt 00:00:08]} 29. b3 {[%clk 00:15:42]} {[%emt 00:00:27]} Ne4 {[%clk
01:00:55]} {[%emt 00:00:26]} 1/2-1/2

[Event "DEM U12 2023"]
[Site "Willingen GER"]
[Date "2023.05.31"]
[Round "6"]
[White "Schröder, Hannes Artur"]
[Black "Lanert, Theodor"]
[Result "0-1"]
[Termination "normal"]
[Board "24"]
[WhiteElo "1343"]
[BlackElo "1398"]
[WhiteClock "00:45:03"]
[BlackClock "00:23:46"]
[PlyCount "99"]
[WhiteFideId "34608818"]
[BlackFideId "34605576"]
[EventCountry "GER"]
[EventRounds "9"]
[EventType "swiss"]
[EventDate "2023.05.27"]

1. e4 {[%clk 01:30:59]} c5 {[%clk 01:29:44]} {[%emt 00:01:17]} 2. Nf3 {[%clk
01:31:20]} {[%emt 00:00:09]} Nc6 {[%clk 01:30:08]} {[%emt 00:00:06]} 3. d4
{[%clk 01:31:12]} {[%emt 00:00:38]} cxd4 {[%clk 01:30:31]} {[%emt 00:00:07]} 4.
Nxd4 {[%clk 01:31:35]} {[%emt 00:00:07]} Nf6 {[%clk 01:30:55]} {[%emt
00:00:05]} 5. Nc3 {[%clk 01:31:56]} {[%emt 00:00:09]} e6 {[%clk 01:31:14]}
{[%emt 00:00:12]} 6. Bg5 {[%clk 01:31:18]} {[%emt 00:01:08]} Be7 {[%clk
01:14:38]} {[%emt 00:17:06]} 7. Qd2 {[%clk 01:20:41]} {[%emt 00:11:06]} d5
{[%clk 00:55:00]} {[%emt 00:20:09]} 8. exd5 {[%clk 01:09:04]} {[%emt 00:12:07]}
Nxd5 {[%clk 00:54:30]} {[%emt 00:01:00]} 9. Bxe7 {[%clk 01:09:20]} {[%emt
00:00:14]} Ncxe7 {[%clk 00:53:40]} {[%emt 00:01:19]} 10. Bb5+ {[%clk 01:07:40]}
{[%emt 00:02:07]} Bd7 {[%clk 00:53:20]} {[%emt 00:00:53]} 11. Bxd7+ {[%clk
01:03:57]} {[%emt 00:04:13]} Qxd7 {[%clk 00:53:35]} {[%emt 00:00:16]} 12. O-O
{[%clk 01:04:03]} {[%emt 00:00:24]} O-O {[%clk 00:53:35]} {[%emt 00:00:30]} 13.
Rfd1 {[%clk 00:58:19]} {[%emt 00:06:13]} Rfd8 {[%clk 00:52:32]} {[%emt
00:01:34]} 14. Nxd5 {[%clk 00:53:39]} {[%emt 00:05:10]} Qxd5 {[%clk 00:52:22]}
{[%emt 00:00:40]} 15. Qe2 {[%clk 00:49:44]} {[%emt 00:04:24]} Qc5 {[%clk
00:47:10]} {[%emt 00:05:44]} 16. Rd3 {[%clk 00:41:54]} {[%emt 00:08:06]} Rxd4
{[%clk 00:36:41]} {[%emt 00:11:13]} 17. Rad1 {[%clk 00:34:52]} {[%emt
00:07:28]} Rad8 {[%clk 00:35:25]} {[%emt 00:01:49]} 18. h3 {[%clk 00:33:52]}
{[%emt 00:01:29]} Rxd3 {[%clk 00:35:32]} {[%emt 00:00:24]} 19. Rxd3 {[%clk
00:34:15]} {[%emt 00:00:07]} Rxd3 {[%clk 00:35:04]} {[%emt 00:00:59]} 20. Qxd3
{[%clk 00:34:38]} {[%emt 00:00:05]} Qd5 {[%clk 00:35:16]} {[%emt 00:00:19]} 21.
Qg3 {[%clk 00:34:08]} {[%emt 00:00:59]} Nc6 {[%clk 00:34:58]} {[%emt 00:00:50]}
22. Qc7 {[%clk 00:33:41]} {[%emt 00:00:53]} Nd8 {[%clk 00:32:45]} {[%emt
00:02:47]} 23. c4 {[%clk 00:33:12]} {[%emt 00:01:00]} Qd4 {[%clk 00:32:37]}
{[%emt 00:00:37]} 24. b4 {[%clk 00:33:00]} {[%emt 00:00:42]} Kf8 {[%clk
00:32:12]} {[%emt 00:00:55]} 25. b5 {[%clk 00:32:18]} {[%emt 00:01:12]} Ke8
{[%clk 00:31:43]} {[%emt 00:01:00]} 26. c5 {[%clk 00:31:25]} {[%emt 00:01:23]}
Qd7 {[%clk 00:31:32]} {[%emt 00:00:41]} 27. Qa5 {[%clk 00:30:05]} {[%emt
00:01:47]} a6 {[%clk 00:11:50]} {[%emt 00:20:14]} 28. bxa6 {[%clk 00:23:15]}
{[%emt 00:07:20]} bxa6 {[%clk 00:12:14]} {[%emt 00:00:06]} 29. Qxa6 {[%clk
00:23:12]} {[%emt 00:00:33]} Qc6 {[%clk 00:12:40]} {[%emt 00:00:05]} 30. Qd3
{[%clk 00:22:12]} {[%emt 00:01:28]} g6 {[%clk 00:07:30]} {[%emt 00:05:41]} 31.
Qd4 {[%clk 00:21:54]} {[%emt 00:00:45]} Ke7 {[%clk 00:07:50]} {[%emt 00:00:14]}
32. Qh4+ {[%clk 00:21:25]} {[%emt 00:00:54]} Ke8 {[%clk 00:07:55]} {[%emt
00:00:30]} 33. Qd4 {[%clk 00:21:07]} {[%emt 00:00:45]} h5 {[%clk 00:08:02]}
{[%emt 00:00:26]} 34. a4 {[%clk 00:20:52]} {[%emt 00:00:45]} Nb7 {[%clk
00:07:40]} {[%emt 00:00:52]} 35. Qb4 {[%clk 00:20:34]} {[%emt 00:00:48]} Nxc5
{[%clk 00:05:56]} {[%emt 00:02:14]} 36. Qb8+ {[%clk 00:19:35]} {[%emt
00:01:29]} Ke7 {[%clk 00:05:09]} {[%emt 00:01:17]} 37. a5 {[%clk 00:19:40]}
{[%emt 00:00:25]} Qa6 {[%clk 00:03:05]} {[%emt 00:02:34]} 38. Qc7+ {[%clk
00:19:24]} {[%emt 00:00:46]} Nd7 {[%clk 00:03:25]} {[%emt 00:00:11]} 39. Kh1
{[%clk 00:18:42]} {[%emt 00:01:09]} Qf1+ {[%emt 00:03:22]} 40. Kh2 {[%clk
00:19:01]} {[%emt 00:00:08]} Qxf2 {[%clk 00:00:55]} {[%emt 00:00:13]} 41. a6
{[%clk 00:18:47]} {[%emt 00:00:45]} Qb6 {[%clk 00:01:12]} {[%emt 00:00:13]} 42.
Qc8 {[%clk 00:18:54]} {[%emt 00:00:22]} Nc5 {[%clk 00:26:57]} {[%emt 00:04:45]}
43. Kh1 {[%clk 00:47:57]} {[%emt 00:01:27]} Nxa6 {[%clk 00:24:09]} {[%emt
00:03:18]} 44. Qa8 {[%clk 00:47:24]} {[%emt 00:01:00]} Qd6 {[%clk 00:23:24]}
{[%emt 00:01:17]} 45. Qb7+ {[%clk 00:47:08]} {[%emt 00:00:46]} Nc7 {[%clk
00:23:43]} {[%emt 00:00:12]} 46. Qb3 {[%clk 00:47:19]} {[%emt 00:00:16]} Nd5
{[%clk 00:23:49]} {[%emt 00:00:27]} 47. Qb7+ {[%clk 00:47:25]} {[%emt
00:00:20]} Qc7 {[%clk 00:24:09]} {[%emt 00:00:14]} 48. Qb2 {[%clk 00:45:33]}
{[%emt 00:00:20]} Qc3 {[%clk 00:23:44]} {[%emt 00:02:58]} 49. Qb7+ {[%clk
00:45:48]} {[%emt 00:00:13]} Kf6 {[%clk 00:23:46]} {[%emt 00:00:29]} 50. Qb5
{[%clk 00:45:03]} {[%emt 00:01:15]} 0-1

[Event "DEM U12 2023"]
[Site "Willingen GER"]
[Date "2023.05.31"]
[Round "6"]
[White "Madel, Luca"]
[Black "Wang, Kaiwen"]
[Result "1/2-1/2"]
[Termination "normal"]
[Board "25"]
[WhiteElo "1151"]
[BlackElo "1333"]
[WhiteClock "00:29:17"]
[BlackClock "00:01:10"]
[PlyCount "113"]
[WhiteFideId "16296516"]
[BlackFideId "16279514"]
[EventCountry "GER"]
[EventRounds "9"]
[EventType "swiss"]
[EventDate "2023.05.27"]

1. d4 {[%clk 01:30:51]} {[%emt 00:00:09]} Nf6 {[%clk 01:31:24]} {[%emt
00:00:06]} 2. Bf4 {[%clk 01:30:51]} {[%emt 00:00:29]} d5 {[%clk 01:31:25]}
{[%emt 00:00:30]} 3. e3 {[%clk 01:30:47]} {[%emt 00:00:33]} c5 {[%clk
01:30:58]} {[%emt 00:00:57]} 4. c3 {[%clk 01:30:41]} {[%emt 00:00:35]} Nc6
{[%clk 01:31:13]} {[%emt 00:00:16]} 5. Nf3 {[%clk 01:30:33]} {[%emt 00:00:38]}
Qb6 {[%clk 01:31:03]} {[%emt 00:00:40]} 6. Qc2 {[%clk 01:30:48]} {[%emt
00:00:15]} g6 {[%clk 01:31:14]} {[%emt 00:00:20]} 7. Bd3 {[%clk 01:29:55]}
{[%emt 00:01:22]} c4 {[%clk 01:31:30]} {[%emt 00:00:14]} 8. Be2 {[%clk
01:29:13]} {[%emt 00:01:11]} Bf5 {[%clk 01:31:54]} {[%emt 00:00:07]} 9. Qc1
{[%clk 01:29:21]} {[%emt 00:00:21]} Bg7 {[%clk 01:31:51]} {[%emt 00:00:33]} 10.
Nbd2 {[%clk 01:29:14]} {[%emt 00:00:37]} Qa5 {[%clk 01:31:38]} {[%emt
00:00:43]} 11. O-O {[%clk 01:28:38]} {[%emt 00:01:06]} O-O {[%clk 01:31:49]}
{[%emt 00:00:19]} 12. b3 {[%clk 01:27:33]} {[%emt 00:01:35]} b5 {[%clk
01:29:45]} {[%emt 00:02:34]} 13. h3 {[%clk 01:18:36]} {[%emt 00:09:26]} Qb6
{[%clk 01:26:47]} {[%emt 00:03:24]} 14. Bh2 {[%clk 01:12:47]} {[%emt 00:06:23]}
h6 {[%clk 01:25:26]} {[%emt 00:01:52]} 15. Ne5 {[%clk 01:12:12]} {[%emt
00:01:05]} Nxe5 {[%clk 01:21:16]} {[%emt 00:04:41]} 16. Bxe5 {[%clk 01:10:21]}
{[%emt 00:02:20]} Qc6 {[%clk 01:12:30]} {[%emt 00:09:17]} 17. Qb2 {[%clk
01:08:58]} {[%emt 00:01:53]} Rfc8 {[%clk 01:10:51]} {[%emt 00:02:09]} 18. bxc4
{[%clk 01:00:28]} {[%emt 00:09:01]} bxc4 {[%clk 01:11:03]} {[%emt 00:00:19]}
19. Rfe1 {[%clk 00:59:18]} {[%emt 00:01:39]} Nd7 {[%clk 00:59:51]} {[%emt
00:11:42]} 20. Bxg7 {[%clk 00:58:53]} {[%emt 00:00:54]} Kxg7 {[%clk 01:00:15]}
{[%emt 00:00:08]} 21. g4 {[%clk 00:59:07]} {[%emt 00:00:15]} Be6 {[%clk
00:57:14]} {[%emt 00:03:32]} 22. Qa3 {[%clk 00:58:13]} {[%emt 00:01:24]} Re8
{[%clk 00:55:09]} {[%emt 00:02:34]} 23. Bf3 {[%clk 00:54:02]} {[%emt 00:04:39]}
f5 {[%clk 00:48:46]} {[%emt 00:06:55]} 24. gxf5 {[%clk 00:49:38]} {[%emt
00:04:54]} gxf5 {[%clk 00:48:32]} {[%emt 00:00:44]} 25. Kh1 {[%clk 00:47:57]}
{[%emt 00:02:11]} Bf7 {[%clk 00:46:47]} {[%emt 00:02:14]} 26. Rg1+ {[%clk
00:40:45]} {[%emt 00:07:41]} Kh8 {[%clk 00:45:44]} {[%emt 00:01:32]} 27. Qb4
{[%clk 00:36:00]} {[%emt 00:05:17]} e5 {[%clk 00:43:15]} {[%emt 00:02:59]} 28.
Qxc4 {[%clk 00:34:18]} {[%emt 00:02:12]} Qxc4 {[%clk 00:42:15]} {[%emt
00:01:30]} 29. Nxc4 {[%clk 00:34:34]} {[%emt 00:00:14]} dxc4 {[%clk 00:42:23]}
{[%emt 00:00:23]} 30. Bxa8 {[%clk 00:34:49]} {[%emt 00:00:14]} Rxa8 {[%clk
00:42:34]} {[%emt 00:00:20]} 31. Rab1 {[%clk 00:35:08]} {[%emt 00:00:10]} exd4
{[%clk 00:42:18]} {[%emt 00:00:45]} 32. exd4 {[%clk 00:35:11]} {[%emt
00:00:26]} Nf6 {[%clk 00:41:47]} {[%emt 00:01:00]} 33. f3 {[%clk 00:31:42]}
{[%emt 00:04:00]} Bd5 {[%clk 00:40:57]} {[%emt 00:01:21]} 34. Kg2 {[%clk
00:31:38]} {[%emt 00:00:33]} Nh5 {[%clk 00:36:08]} {[%emt 00:05:18]} 35. Rb5
{[%clk 00:22:28]} {[%emt 00:09:41]} Nf4+ {[%clk 00:34:32]} {[%emt 00:02:06]}
36. Kh2 {[%clk 00:22:29]} {[%emt 00:00:26]} Rd8 {[%clk 00:31:49]} {[%emt
00:03:10]} 37. Re1 {[%clk 00:18:17]} {[%emt 00:04:47]} Rg8 {[%clk 00:29:29]}
{[%emt 00:02:46]} 38. Rg1 {[%clk 00:16:45]} {[%emt 00:02:07]} Rxg1 {[%clk
00:27:18]} {[%emt 00:02:40]} 39. Kxg1 {[%clk 00:17:06]} {[%emt 00:00:09]} Ne2+
{[%clk 00:27:20]} {[%emt 00:00:29]} 40. Kf2 {[%clk 00:17:02]} {[%emt 00:00:32]}
Nxc3 {[%clk 00:27:34]} {[%emt 00:00:18]} 41. Rc5 {[%clk 00:15:30]} {[%emt
00:02:02]} f4 {[%clk 00:19:55]} {[%emt 00:08:08]} 42. Ke1 {[%clk 00:14:58]}
{[%emt 00:01:00]} Bxf3 {[%clk 00:13:06]} {[%emt 00:07:20]} 43. Rxc4 {[%clk
00:15:01]} {[%emt 00:00:27]} Nxa2 {[%clk 00:12:23]} {[%emt 00:01:14]} 44. Rc8+
{[%clk 00:14:32]} {[%emt 00:00:58]} Kg7 {[%clk 00:12:07]} {[%emt 00:00:47]} 45.
Rc7+ {[%clk 00:14:18]} {[%emt 00:00:43]} Kf6 {[%clk 00:12:04]} {[%emt
00:00:32]} 46. Rxa7 {[%clk 00:13:57]} {[%emt 00:00:53]} Nb4 {[%clk 00:12:10]}
{[%emt 00:00:19]} 47. Kf2 {[%clk 00:13:40]} {[%emt 00:00:50]} Be4 {[%clk
00:11:29]} {[%emt 00:01:11]} 48. Ra5 {[%clk 00:12:33]} {[%emt 00:01:38]} Nd5
{[%clk 00:08:13]} {[%emt 00:03:46]} 49. Ra6+ {[%clk 00:12:06]} {[%emt
00:00:58]} Kg5 {[%clk 00:08:15]} {[%emt 00:00:18]} 50. Re6 {[%clk 00:11:38]}
{[%emt 00:01:05]} Nc3 {[%clk 00:06:17]} {[%emt 00:02:27]} 51. Ke1 {[%clk
00:06:43]} {[%emt 00:05:27]} Bf5 {[%clk 00:04:13]} {[%emt 00:02:35]} 52. Re5
{[%clk 00:06:22]} {[%emt 00:00:50]} Kf6 {[%clk 00:04:17]} {[%emt 00:00:24]} 53.
h4 {[%clk 00:03:45]} {[%emt 00:03:07]} Ne4 {[%clk 00:04:22]} {[%emt 00:00:26]}
54. Ke2 {[%clk 00:02:07]} {[%emt 00:02:09]} Nd6 {[%clk 00:02:51]} {[%emt
00:02:59]} 55. Kf3 {[%clk 00:01:08]} {[%emt 00:01:31]} Nf7 {[%clk 00:01:54]}
{[%emt 00:01:27]} 56. Rc5 {[%clk 00:00:40]} {[%emt 00:00:59]} Nd8 {[%clk
00:01:10]} {[%emt 00:01:10]} 57. Rb5 {[%clk 00:29:17]} {[%emt 00:01:57]}
1/2-1/2